<?xml version="1.0" encoding="utf-8"?>
<?xml-stylesheet type='text/xsl' href='./oai2.xsl'?>
<OAI-PMH xmlns="http://www.openarchives.org/OAI/2.0/" xmlns:xsi="http://www.w3.org/2001/XMLSchema-instance" xsi:schemaLocation="http://www.openarchives.org/OAI/2.0/ http://www.openarchives.org/OAI/2.0/OAI-PMH.xsd">
  <responseDate>2026-04-29T17:23:06Z</responseDate>
  <request verb="GetRecord" metadataPrefix="marcxml" identifier="record_kuniweb_1472601">https://kulturerbe.niedersachsen.de/oai</request>
  <GetRecord>
    <record>
      <header>
        <identifier>record_kuniweb_1472601</identifier>
        <datestamp>2026-03-31T19:09:18Z</datestamp>
        <setSpec>slg0186</setSpec>
      </header>
      <metadata>
        <marc:record xmlns:marc="http://www.loc.gov/MARC21/slim" xsi:schemaLocation="http://www.loc.gov/MARC21/slim http://www.loc.gov/standards/marcxml/schema/MARC21slim.xsd">
          <marc:leader>12345nrm  22     uu 4500</marc:leader>
          <marc:controlfield tag="001">1472601</marc:controlfield>
          <marc:controlfield tag="003">http://kuniweb.gbv.de</marc:controlfield>
          <marc:controlfield tag="005">2023-04-17T08:18:22</marc:controlfield>
          <marc:controlfield tag="008">|           ||||||||||||||||||||||</marc:controlfield>
          <marc:datafield tag="245" ind1="1" ind2="0">
            <marc:subfield code="a">Kastentruhe mit Wappen: Brauttruhe der Adelheid von Glümer</marc:subfield>
          </marc:datafield>
          <marc:datafield tag="655" ind1=" " ind2="7">
            <marc:subfield code="a">Kunsthandwerk</marc:subfield>
          </marc:datafield>
          <marc:datafield tag="046" ind1=" " ind2=" ">
            <marc:subfield code="k">1498</marc:subfield>
            <marc:subfield code="k">um 1498 (Datum der Eheschließung)</marc:subfield>
          </marc:datafield>
          <marc:datafield tag="260" ind1=" " ind2=" ">
            <marc:subfield code="g">1498</marc:subfield>
            <marc:subfield code="g">um 1498 (Datum der Eheschließung)</marc:subfield>
          </marc:datafield>
          <marc:datafield tag="300" ind1=" " ind2=" ">
            <marc:subfield code="a">Höhe: 92 cm
Breite: 196 cm
Tiefe: 72 cm</marc:subfield>
          </marc:datafield>
          <marc:datafield tag="520" ind1=" " ind2=" ">
            <marc:subfield code="a">Bei der Truhe handelt es sich um eine Frontstollentruhe. Die Stollen ruhen auf niedrigen, profilierten Füßen und zeigen jeweils ein geschnitztes Wappen mit Helmzier, links über einem rot gefassten Hirschen, rechts über einem weißen Einhorn. Die Außenkanten der Stollen zeigen weiß gefasste gedrehte Säulchen. Auch die Rahmen der Truhenfront und die vertikalen Felderteilungen sind in dieser Art verziert. Jedes hochrechteckige Feld zeigt unten zwei zweibahnige gotische "Fenster", darüber ein Rundfeld mit Wappen, das von einem Kielbogen über- und von gotischem Maßwerk hinterfangen wird.
Die seitlichen Fronten zeigen eine identische Gliederung mit je zwei Registern, deren Wappen das weiße Welfenross und den roten Stadtlöwen ausweisen.
Die überstehende, holzsichtige Deckplatte ist mit drei prächtig gestalteten Eisenbändern mit dem Korpus verbunden. In der Mitte der Front befindet sich ein Schloss, dessen Zierplatte mit Blattwerk geschmückt ist.
Die Wappen lassen sich bestimmen (von links nach rechts):
- Wappen der Glümer: drei goldene Tannenzapfen auf schwarzem Querbalken auf weißem Feld
- Wappen der Krull: silberner Strunk mit dreifacher Wurzel auf schwarzem Feld
- Wappen der Vivian: drei goldene Ringe auf rotem Querbalken
- Wappen der Stapel: drei goldene Balken auf blauem Feld
- Wappen der von Schwalenberg: drei weiße Ringe auf rotem Feld
- Wappen der Witte: grüner Baum mit roten Wurzeln auf weißem Feld
- Wappen der von der Leyne: rote gespaltene Lilie auf weißem Feld
- Wappen der Kogel: rother Hirsch auf weißem Feld (SMBS)

Veröffentlicht in:
Werkstück, Bd. 1, S. 23, Abb. 6.

Veröffentlicht in:
G. Spies, „Kunstschätze der Messestadt Ausstellungsjournal ; [Ausstellungsdauer vom 12. August 1995 bis 14. Januar 1996]“. Braunschweig, 1995. (S. 4.)

Veröffentlicht in:
G. Spies, „Messe, Markt, Handel im alten Braunschweig [Ausstellung als Beitrag anläßlich der Weltausstellung in Hannover im] Museum im Altstadtrathaus“. Städtisches Museum, Braunschweig, 2000. (S. 84-85. Nr. 7 u. Abb. 60.)

Veröffentlicht in:
T. Albrecht und A. Lindloff, „Truhen, Kisten, Laden Vom Mittelalter bis zur Gegenwart ; am Beispiel der Lüneburger Heide“, Veröffentlichungen des Landwirtschaftsmuseums Lüneburger Heide, Bd. 6. Michael Imhof, Petersberg, 1997. (S. 73, Abb. 133.)</marc:subfield>
          </marc:datafield>
          <marc:datafield tag="500" ind1=" " ind2=" ">
            <marc:subfield code="a">Dauerleihgabe

27.09.1869

LeihgeberIn: Kunstverein Braunschweig</marc:subfield>
          </marc:datafield>
          <marc:datafield tag="650" ind1="1" ind2=" ">
            <marc:subfield code="a">Möbel &gt; Behältnismöbel &gt; Truhe &gt; Kastentruhe</marc:subfield>
          </marc:datafield>
          <marc:datafield tag="650" ind1="1" ind2=" ">
            <marc:subfield code="a">Gebrauchsgegenstand</marc:subfield>
          </marc:datafield>
          <marc:datafield tag="650" ind1="1" ind2=" ">
            <marc:subfield code="a">Kastentruhen</marc:subfield>
          </marc:datafield>
          <marc:datafield tag="773" ind1="0" ind2=" ">
            <marc:subfield code="t">Sammlung Kunstgewerbe</marc:subfield>
          </marc:datafield>
          <marc:datafield tag="852" ind1=" " ind2=" ">
            <marc:subfield code="a">Städtisches Museum Braunschweig</marc:subfield>
          </marc:datafield>
          <marc:datafield tag="852" ind1=" " ind2=" ">
            <marc:subfield code="a">Groß Gleidingen</marc:subfield>
          </marc:datafield>
          <marc:datafield tag="" ind1=" " ind2=" ">
            <marc:subfield code="a">Namensnennung - Nicht kommerziell - Keine Bearbeitungen 4.0 International (CC BY-NC-ND 4.0)</marc:subfield>
          </marc:datafield>
        </marc:record>
      </metadata>
    </record>
  </GetRecord>
</OAI-PMH>
